Aux pays Balkaniques apres les guerres de 1912-1913 (Record no. 113172)

MARC details
000 -LEADER
campo de control de longitud fija 00460nam a2200145 4500
001 - NÚMERO DE CONTROL
campo de control 113172
003 - IDENTIFICADOR DE NÚMERO DE CONTROL
campo de control ES-MaACL
007 - CAMPO FIJO DE DESCRIPCIÓN FÍSICA--INFORMACIÓN GENERAL
campo de control de longitud fija t|
008 - DATOS DE LONGITUD FIJA--INFORMACIÓN GENERAL
campo de control de longitud fija 061121s1914 fr r ||||1| fre d
100 1# - ENTRADA PRINCIPAL--NOMBRE DE PERSONA
Nombre de persona Muzet, Alphonse.
9 (RLIN) 84741
245 10 - MENCIÓN DEL TÍTULO
Título Aux pays Balkaniques apres les guerres de 1912-1913
Resto del título : Montenegro, Serbia, Bulgarie /
Mención de responsabilidad, etc. par Alphonse Muzet.
260 ## - PUBLICACIÓN, DISTRIBUCIÓN, ETC.
Lugar de publicación, distribución, etc. Paris :
Nombre del editor, distribuidor, etc. [s.n.],
Fecha de publicación, distribución, etc. 1914 (
Fabricante Typ. Ph. Renouard)
300 ## - DESCRIPCIÓN FÍSICA
Extensión 248 p. ;
Dimensiones 20 cm.
852 ## - LOCALIZACIÓN
Ubicación ES-MaACL
Número de control de estantería B-3981
Holdings
Estatus retirado Estado de pérdida Estado de daño No para préstamo Biblioteca de origen Biblioteca actual Ubicación en estantería Fecha de adquisición Fuente de adquisición Total de préstamos Signatura topográfica completa Código de barras Visto por última vez Precio de reemplazo Tipo de ítem Koha
        Biblioteca del Ateneo de Madrid Biblioteca del Ateneo de Madrid Sala Pardo Bazán 17/01/2008     B-3981 1118044 23/02/2023 23/02/2023 Libro impreso